000 00619nam a2200157 a 4500
008 140415s1997 ||||||||||||||||| || u
020 _a0821338501
050 _aIBRD(08)UMP/21
100 _aMcIlwaine, Cathy
245 1 0 _aHousehold response to poverty and vulnerability: Comfronting crisis in Cisne, Dos, Guayaquil, Ecuador, vol. 1
260 _aWashington, D.C.
_bWorld Bank
_c1997
300 _a4v.
490 _aUrban Management Program
700 _aMoser, Caroline
995 _FCBU-MAIN LIBRARY (Kitwe)
_M1
_UAVAILABLE
_WApr 15, 2014
_ZInternational Publications
999 _c45706
_d45706